Catálogo

LOPE DE VEGA Y RUIZ DE ALARCON : (Registro nro. 7040)

Detalles MARC
000 -LEADER
fixed length control field 00474nam a2200157 a 4500
001 - CONTROL NUMBER
control field 7040
005 - DATE AND TIME OF LATEST TRANSACTION
control field 20180713190928.0
008 - FIXED-LENGTH DATA ELEMENTS--GENERAL INFORMATION
fixed length control field 140415s1989 mx 000 0 spa d
041 ## - LANGUAGE CODE
Language code of text/sound track or separate title spa
100 1# - MAIN ENTRY--PERSONAL NAME
Personal name Azar, Héctor,.
245 10 - TITLE STATEMENT
Title LOPE DE VEGA Y RUIZ DE ALARCON :
Remainder of title APROXIMACIONES A UN CONFLICTO FRECUENTE ENTRE LA GENTE DE TEATRO
250 ## - EDITION STATEMENT
Edition statement 1a ed.
260 ## - PUBLICATION, DISTRIBUTION, ETC.
Place of publication, distribution, etc. MEXICO :
Name of publisher, distributor, etc. GRUPO EDITORIAL PATRIA,
Date of publication, distribution, etc. 1989
300 ## - PHYSICAL DESCRIPTION
Extent 87
650 14 - SUBJECT ADDED ENTRY--TOPICAL TERM
Topical term or geographic name entry element LITERATURA ESPAOLA
Existencias
Withdrawn status Lost status Source of classification or shelving scheme Damaged status Not for loan Collection code Home library Current library Shelving location Date acquired Source of acquisition Inventory number Total Checkouts Full call number Barcode Date last seen Price effective from Koha item type
    Dewey Decimal Classification     General Biblioteca Karol Wojtyla Biblioteca Karol Wojtyla Sala general 03/12/2013 Compra 151000000000000000019013   AZA 19735 05/01/2026 03/12/2013 Libro